Online Catalogue and eLibrary

lokaye pedara aandukrama saha lankawe pedaral neethiya (Record no. 5020)

MARC details
000 -LEADER
fixed length control field 00438nam a2200157Ia 4500
005 - DATE AND TIME OF LATEST TRANSACTION
control field 20250620015904.0
008 - FIXED-LENGTH DATA ELEMENTS--GENERAL INFORMATION
fixed length control field 240331s9999 xx 000 0 und d
020 ## - INTERNATIONAL STANDARD BOOK NUMBER
ISBN 9555532605
082 ## - DDC Classification
Item Number - Author Mark GAM
Class No. 323
100 ## - MAIN ENTRY--PERSONAL NAME
Personal name Gamage,S.I
245 #0 - TITLE STATEMENT
Title lokaye pedara aandukrama saha lankawe pedaral neethiya
260 ## - PUBLICATION, DISTRIBUTION, ETC.
Date of publication, distribution, etc. 2003
300 ## - PHYSICAL DESCRIPTION
Extent (e.g. Volumes, Pages etc.) 179 p .,
500 ## - GENERAL NOTE
General note The federal systems in the world and the fear of federalism in Sri Lanka
942 ## - Koha item type (Biblio)
Koha item type Books in Stacks (Lending)
Holdings
Lost status Damaged status Collection code Home library Current library Shelving location Date acquired Full call number Accession Number Item type
    Lending WERC Library WERC Library Social Science Cupboard 03/31/2024 323.34 GAM 6326 Books in Stacks (Lending)

© WERC Library